| 000 | 00367nam a2200157Ia 4500 | ||
|---|---|---|---|
| 999 |
_c2835 _d2835 |
||
| 003 | OSt | ||
| 005 | 20190921155514.0 | ||
| 008 | 190902s9999||||xx |||||||||||||| ||und|| | ||
| 020 | _a978-0137800087 | ||
| 040 | _cmaju | ||
| 100 | _aI. Scott Mackenzie | ||
| 245 | 4 | _aThe 8051 Microcontroller | |
| 260 |
_aLondon _bPrentice Hall _c1999 |
||
| 300 | _a366 | ||
| 942 |
_cBK _2ddc |
||